| 000 | 00511nam a22001457a 4500 | ||
|---|---|---|---|
| 999 |
_c6765 _d6765 |
||
| 008 | 200325b ||||| |||| 00| 0 eng d | ||
| 020 | _a9976 60 455 6 | ||
| 082 | _a338.996 78 GLO | ||
| 100 | _aMsambichaka, Lucian A. (Ed).- | ||
| 245 |
_aGlobalization and Challenges for Development in Tanzania/ _cEdited by Lucian A. Msambichaka, Natu E. Mwamba, Oswald J. Mashindano.- _hEnglish. |
||
| 260 |
_aDar Es Salaam: _bDUP, _c2006. |
||
| 300 |
_aIV, 585P; _bill; _c23cm.- |
||
| 650 | _2GLOBALIZATION | ||
| 942 |
_2ddc _cBOOKS |
||